Proceedings Scientific Research Results For Training

The Proceedings includes 53 selected articles on topics: Engineering and Technology, Natural Science, Economics and Human Society.

Enregistré dans:
Détails bibliographiques
Format: Livre
Langue:Vietnamese
Publié: Ha Noi Science and Technics Publishing House 2018
Sujets:
Tags: Ajouter un tag
Pas de tags, Soyez le premier à ajouter un tag!
Thư viện lưu trữ: Thư viện Trường Đại học Nam Cần Thơ
LEADER 00841nam a22002057a 4500
001 NCT_4_014695
008 241122b xxu||||| |||| 00| 0 vie d
999 |c 8696  |d 8696 
020 |a 9786046710325 
041 0 |a vie 
082 0 4 |2 23rd ed.  |a 600  |b P963 
245 0 0 |a Proceedings Scientific Research Results For Training  |c Science and Technics Publishing House 
260 |a Ha Noi  |b Science and Technics Publishing House  |c 2018 
300 |c 29 cm 
362 |a 2018 
520 3 |a The Proceedings includes 53 selected articles on topics: Engineering and Technology, Natural Science, Economics and Human Society. 
655 |a Tạp chí 
942 |2 ddc  |c CR 
952 |0 0  |1 0  |2 ddc  |4 0  |6 600_000000000000000_P963  |7 0  |9 29884  |a 000001  |b 000001  |d 2024-11-22  |o 600 P963  |r 2024-11-22  |w 2024-11-22  |y CR 
980 |a Thư viện Trường Đại học Nam Cần Thơ